[Event "SVK-chT 1819"]
[Site "Slovakia"]
[Date "2019.04.13"]
[Round "10.1"]
[White "Holtman, Teodor"]
[Black "Czebe, Attila"]
[Result "0-1"]
[WhiteElo "2234"]
[BlackElo "2401"]
[PlyCount "82"]
[EventDate "2018.11.10"]
[EventType "team-tourn"]
[EventRounds "11"]
[EventCountry "SVK"]
[SourceTitle "CBM 189 Extra"]
[Source "ChessBase"]
[SourceDate "2019.06.03"]
[SourceVersion "1"]
[SourceVersionDate "2019.06.03"]
[SourceQuality "1"]
[WhiteTeam "Snina Reinter"]
[BlackTeam "Dunajska Streda"]
[WhiteTeamCountry "SVK"]
[BlackTeamCountry "SVK"]

1. e4 c5 2. Nf3 e6 3. d4 cxd4 4. Nxd4 a6 5. Nc3 d6 6. f4 b5 7. Bd3 Bb7 8. Qe2 Nd7 9. Bd2 Nc5 10. b4 Nxd3+ 11. cxd3 Nf6 12. g4 g6 13. g5 Nh5 14. f5 Bg7 15. f6 Bf8 16. Qg4 e5 17. Nb3 d5 18. Nxd5 Bxd5 19. exd5 Qxd5 20. 0-0 Bd6 21. Qe4 Qxe4 22. dxe4 0-0 23. a3 Nf4 24. Rfd1 Ne2+ 25. Kf2 Nd4 26. Nxd4 exd4 27. Kf3 Rfc8 28. Rac1 Bxh2 29. Bf4 Bxf4 30. Kxf4 Rc3 31. Ra1 Rd8 32. Rd2 h6 33. gxh6 Kh7 34. a4 g5+ 35. Ke5 Re8+ 36. Kd5 Kxh6 37. axb5 axb5 38. Ra7 Kg6 39. Rb7 Rd8+ 40. Ke5 Rc6 41. Re7 d3 0-1

[Event "SVK-chT 1819"]
[Site "Slovakia"]
[Date "2019.03.10"]
[Round "8.4"]
[White "Holtman, Teodor"]
[Black "Rohacek, Miroslav"]
[Result "0-1"]
[WhiteElo "2234"]
[BlackElo "2251"]
[PlyCount "127"]
[EventDate "2018.11.10"]
[EventType "team-tourn"]
[EventRounds "11"]
[EventCountry "SVK"]
[SourceTitle "CBM 189 Extra"]
[Source "ChessBase"]
[SourceDate "2019.06.03"]
[SourceVersion "1"]
[SourceVersionDate "2019.06.03"]
[SourceQuality "1"]
[WhiteTeam "Snina Reinter"]
[BlackTeam "Osuske"]
[WhiteTeamCountry "SVK"]
[BlackTeamCountry "SVK"]

1. e4 c5 2. Nf3 d6 3. d4 cxd4 4. Nxd4 Nf6 5. Nc3 a6 6. h3 e5 7. Nde2 h5 8. g3 Nbd7 9. a4 Be7 10. Bg2 b6 11. 0-0 Bb7 12. Be3 Rc8 13. Nd5 Nxd5 14. exd5 h4 15. Qd2 f5 16. f4 0-0 17. b3 hxg3 18. fxe5 Nxe5 19. Nd4 Qd7 20. Ne6 Rf6 21. Bxb6 Qe8 22. c4 Qh5 23. Rae1 Rxe6 24. dxe6 Nf3+ 25. Rxf3 Bxf3 26. Qf4 Bxg2 27. Kxg2 Rf8 28. Qf3 Qh6 29. a5 g5 30. Bd4 g4 31. Qxg3 Bh4 32. Qe3 f4 33. Qe4 Bxe1 34. Qxe1 Qxh3+ 35. Kg1 g3 36. Qe4 Qh5 37. e7 Re8 38. Qe6+ Kh7 39. Qe4+ Qg6 40. Qxf4 Kg8 41. Bf6 Qc2 42. Qxg3+ Kf7 43. Qg7+ Ke6 44. Bg5 Qxb3 45. Qg6+ Kd7 46. Qf5+ Kc7 47. Qf7 Qd1+ 48. Kf2 Qc2+ 49. Kg1 Kd7 50. Qd5 Qb1+ 51. Kf2 Qb2+ 52. Kf3 Qc3+ 53. Kf4 Qc1+ 54. Kf5 Qb1+ 55. Kf4 Qf1+ 56. Kg4 Qg1+ 57. Kf4 Qf2+ 58. Kg4 Qc5 59. Qb7+ Ke6 60. Qe4+ Qe5 61. Qg6+ Kd7 62. Bf6 Qxa5 63. Qf7 Qc5 64. Bg5 0-1

[Event "SVK-chT 1819"]
[Site "Slovakia"]
[Date "2019.02.17"]
[Round "6.2"]
[White "Holtman, Teodor"]
[Black "Jurcik, Martin"]
[Result "0-1"]
[WhiteElo "2234"]
[BlackElo "2333"]
[PlyCount "64"]
[EventDate "2018.11.10"]
[EventType "team-tourn"]
[EventRounds "11"]
[EventCountry "SVK"]
[SourceTitle "CBM 188 Extra"]
[Source "ChessBase"]
[SourceDate "2019.02.26"]
[SourceVersion "1"]
[SourceVersionDate "2019.02.26"]
[SourceQuality "1"]
[WhiteTeam "Snina Reinter"]
[BlackTeam "Dunajov Inbest"]
[WhiteTeamCountry "SVK"]
[BlackTeamCountry "SVK"]

1. e4 c5 2. Nc3 Nc6 3. Nf3 Nf6 4. d4 d5 5. Bb5 dxe4 6. Ne5 cxd4 7. Nxc6 bxc6 8. Bxc6+ Bd7 9. Bxa8 dxc3 10. Bd5 cxb2 11. Bxf7+ Kxf7 12. Bxb2 Qa5+ 13. Qd2 Qxd2+ 14. Kxd2 g6 15. Bd4 Bh6+ 16. Be3 Bxe3+ 17. Kxe3 Rc8 18. Kd2 e3+ 19. Kxe3 Rxc2 20. Rhc1 Ng4+ 21. Kd4 Rd2+ 22. Kc3 Rxf2 23. Rf1 Rf5 24. Kd4 Kf6 25. h3 e5+ 26. Kc5 Ne3 27. Rxf5+ gxf5 28. Kd6 Bb5 29. g3 f4 30. gxf4 exf4 31. Re1 Kf5 32. Kc5 a6 0-1

[Event "SVK-chT 1819"]
[Site "Slovakia"]
[Date "2018.11.11"]
[Round "2.2"]
[White "Holtman, Teodor"]
[Black "Haring, Viktor"]
[Result "1-0"]
[WhiteElo "2234"]
[BlackElo "2314"]
[PlyCount "73"]
[EventDate "2018.11.10"]
[EventType "team-tourn"]
[EventRounds "11"]
[EventCountry "SVK"]
[SourceTitle "CBM 187 Extra"]
[Source "ChessBase"]
[SourceDate "2018.11.04"]
[SourceVersion "1"]
[SourceVersionDate "2018.11.04"]
[SourceQuality "1"]
[WhiteTeam "Snina Reinter"]
[BlackTeam "Liptov Chess School"]
[WhiteTeamCountry "SVK"]
[BlackTeamCountry "SVK"]

1. e4 c5 2. Nc3 Nc6 3. Nf3 Nf6 4. d4 cxd4 5. Nxd4 e5 6. Ndb5 d6 7. a4 a6 8. Na3 Be6 9. Bc4 Rc8 10. Bg5 Be7 11. Bxf6 Bxf6 12. Nd5 Bg5 13. c3 0-0 14. h4 Bh6 15. g4 Bf4 16. Qf3 Ne7 17. Nxf4 Bxc4 18. Nxc4 Rxc4 19. Ne2 Qb6 20. Qd3 Rfc8 21. a5 Qxb2 22. 0-0 Qb5 23. Qxd6 Ng6 24. h5 Nh4 25. Rab1 Qxa5 26. Rxb7 Rxe4 27. Ng3 Nf3+ 28. Kg2 Rec4 29. Kxf3 Qxc3+ 30. Kg2 Rxg4 31. Rb8 h6 32. Rxc8+ Qxc8 33. Rb1 Qc2 34. Rb8+ Kh7 35. Qd8 Qe4+ 36. Kf1 Qc4+ 37. Ne2 1-0

[Event "CZE-chT2D 1718"]
[Site "Czech Republic"]
[Date "2018.04.08"]
[Round "11.1"]
[White "Holtman, Teodor"]
[Black "Sabol, Marian"]
[Result "1-0"]
[WhiteElo "2296"]
[BlackElo "2353"]
[PlyCount "111"]
[EventDate "2017.10.15"]
[EventType "team-tourn"]
[EventRounds "11"]
[EventCountry "CZE"]
[SourceTitle "EXT 2022"]
[Source "ChessBase"]
[SourceDate "2021.10.06"]
[SourceVersion "1"]
[SourceVersionDate "2021.10.06"]
[SourceQuality "1"]
[WhiteTeam "Velke Losiny"]
[BlackTeam "Vysoke Myto"]
[WhiteTeamCountry "CZE"]
[BlackTeamCountry "CZE"]

1. e4 c5 2. Nf3 d6 3. d4 cxd4 4. Nxd4 Nf6 5. Nc3 a6 6. h3 e6 7. g4 d5 8. exd5 Nxd5 9. Nde2 Bb4 10. a3 Bxc3+ 11. Nxc3 Nxc3 12. Qxd8+ Kxd8 13. bxc3 Bd7 14. Bf4 Bc6 15. 0-0-0+ Nd7 16. Rg1 Rc8 17. c4 Ke8 18. Bd6 f6 19. Rg3 Kf7 20. Rb3 h5 21. Re1 hxg4 22. hxg4 Rh1 23. Rbe3 Re8 24. f4 Rg1 25. Kb2 Nb6 26. Kb3 Rxf1 27. Rxf1 Nxc4 28. Kxc4 Bb5+ 29. Kc5 Bxf1 30. Kb6 Bg2 31. c4 Rc8 32. Bc7 Rh8 33. Rg3 Bc6 34. g5 Rh1 35. Bd6 Be4 36. g6+ Ke8 37. Kc7 Rh6 38. Re3 f5 39. Rg3 Rh4 40. a4 Bc6 41. a5 Be4 42. Kc8 Bc6 43. Rd3 Be4 44. Rd2 Rh3 45. Bc7 Rd3 46. Rh2 Rc3 47. Rh7 Rxc4 48. Rxg7 e5 49. Rd7 Kf8 50. fxe5 Kg8 51. e6 f4 52. e7 Bxg6 53. Rd8+ Kg7 54. e8Q Bxe8 55. Rxe8 f3 56. Re3 1-0

[Event "CZE-chT2D 1718"]
[Site "Czech Republic"]
[Date "2018.02.11"]
[Round "8.1"]
[White "Vyprachticky, David"]
[Black "Holtman, Teodor"]
[Result "1-0"]
[WhiteElo "2236"]
[BlackElo "2296"]
[PlyCount "61"]
[EventDate "2017.10.15"]
[EventType "team-tourn"]
[EventRounds "11"]
[EventCountry "CZE"]
[SourceTitle "EXT 2022"]
[Source "ChessBase"]
[SourceDate "2021.10.06"]
[SourceVersion "1"]
[SourceVersionDate "2021.10.06"]
[SourceQuality "1"]
[WhiteTeam "Chotebor"]
[BlackTeam "Velke Losiny"]
[WhiteTeamCountry "CZE"]
[BlackTeamCountry "CZE"]

1. e4 e6 2. d4 d5 3. e5 c5 4. c3 Nc6 5. Nf3 Bd7 6. a3 Rc8 7. b4 cxb4 8. cxb4 Be7 9. Bd3 a6 10. Bb2 f6 11. 0-0 Nh6 12. Nc3 0-0 13. Na4 fxe5 14. dxe5 Nf5 15. Rc1 a5 16. b5 Na7 17. Rxc8 Qxc8 18. Nd4 Qe8 19. Bxf5 exf5 20. Nc3 Qf7 21. Qf3 Bc5 22. Nb3 d4 23. Nxc5 dxc3 24. Nxd7 Qxd7 25. Qxc3 Nxb5 26. Qxa5 f4 27. Re1 f3 28. e6 Qd3 29. e7 Re8 30. a4 Nd4 31. Qd5+ 1-0

[Event "CZE-chT1E 1718"]
[Site "Czech Republic"]
[Date "2018.02.04"]
[Round "7.6"]
[White "Holtman, Teodor"]
[Black "Biolek, Richard"]
[Result "0-1"]
[WhiteElo "2248"]
[BlackElo "2414"]
[PlyCount "54"]
[EventDate "2017.10.22"]
[EventType "team-tourn"]
[EventRounds "11"]
[EventCountry "CZE"]
[SourceTitle "EXT 2019"]
[Source "ChessBase"]
[SourceDate "2018.10.10"]
[SourceVersion "1"]
[SourceVersionDate "2018.10.10"]
[SourceQuality "1"]
[WhiteTeam "Gordic"]
[BlackTeam "Grygov"]
[WhiteTeamCountry "CZE"]
[BlackTeamCountry "CZE"]

1. e4 e5 2. Nf3 Nc6 3. d4 exd4 4. Nxd4 Nf6 5. Nxc6 bxc6 6. Qe2 d6 7. Nc3 Be7 8. h3 0-0 9. Bd2 d5 10. e5 Nd7 11. 0-0-0 f6 12. exf6 Nxf6 13. g4 Bd6 14. g5 Nd7 15. Bg2 Rb8 16. Rde1 Ne5 17. Kb1 Bf5 18. Nxd5 cxd5 19. Bxd5+ Nf7 20. Qc4 c6 21. Be6 Bxe6 22. Rxe6 Be5 23. Bb4 Rxb4 24. Qxb4 Qd5 25. Rxe5 Nxe5 26. Rc1 a5 27. Qe7 Nc4 0-1

[Event "SVK-chT 1718"]
[Site "Slovakia"]
[Date "2017.12.09"]
[Round "5.1"]
[White "Krak, Tomas"]
[Black "Holtman, Teodor"]
[Result "0-1"]
[WhiteElo "2312"]
[BlackElo "2248"]
[PlyCount "83"]
[EventDate "2017.09.30"]
[EventType "team-tourn"]
[EventRounds "11"]
[EventCountry "SVK"]
[SourceTitle "EXT 2019"]
[Source "ChessBase"]
[SourceDate "2018.10.10"]
[SourceVersion "1"]
[SourceVersionDate "2018.10.10"]
[SourceQuality "1"]
[WhiteTeam "Snina Reinter"]
[BlackTeam "Prakovce"]
[WhiteTeamCountry "SVK"]
[BlackTeamCountry "SVK"]

1. d4 f5 2. Nc3 d5 3. Bg5 c6 4. e3 g6 5. Nf3 Nd7 6. h4 Ngf6 7. h5 Nxh5 8. Rxh5 gxh5 9. Nh4 Nf6 10. Bxf6 exf6 11. Qxh5+ Kd7 12. 0-0-0 Kc7 13. Bd3 Bb4 14. Ne2 Bd7 15. Bxf5 Qe7 16. Rh1 Rag8 17. Qf3 Bxf5 18. Qxf5 Bd6 19. Rh3 Rg5 20. Qf3 Qe6 21. Nf4 Bxf4 22. Qxf4+ Kb6 23. e4 dxe4 24. Ra3 Ra5 25. Rb3+ Rb5 26. Ra3 Qd5 27. Qxf6 Qg5+ 28. Qxg5 Rxg5 29. Re3 Rf8 30. Re2 Rg4 31. g3 e3 32. fxe3 Rxg3 33. e4 Rf4 34. Nf5 Rgg4 35. Nd6 Kc7 36. e5 Rxd4 37. c3 Rdf4 38. Rh2 Rh4 39. Rg2 Rfg4 40. Rf2 Rf4 41. Rg2 c5 42. Rd2 0-1

[Event "Wch U20 56th"]
[Site "Tarvisio"]
[Date "2017.11.24"]
[Round "10"]
[White "Huber, Martin Christian"]
[Black "Holtman, Teodor"]
[Result "1-0"]
[WhiteElo "2396"]
[BlackElo "2296"]
[PlyCount "46"]
[EventDate "2017.11.13"]
[EventType "swiss"]
[EventRounds "11"]
[EventCountry "ITA"]
[SourceTitle "CBM 181 Extra"]
[Source "ChessBase"]
[SourceDate "2017.12.12"]
[SourceVersion "1"]
[SourceVersionDate "2017.12.12"]
[SourceQuality "1"]

1. Nf3 f5 2. g3 Nf6 3. Bg2 d6 4. d4 g6 5. 0-0 Bg7 6. c4 0-0 7. Nc3 c6 8. b3 Qc7 9. Ba3 a5 10. Qd2 Na6 11. Rac1 Nb4 12. Rfd1 Re8 13. d5 Bd7 14. Nd4 Kh8 15. e3 Ng4 16. Bb2 Nf6 17. h4 Na6 18. Nce2 Nc5 19. Nf4 Rad8 20. Nf3 e5 21. dxe6 Bxe6 22. h5 Qf7 23. h6 Bxh6 1-0

[Event "Wch U20 56th"]
[Site "Tarvisio"]
[Date "2017.11.15"]
[Round "3"]
[White "Sosa, Tomas Sebastian"]
[Black "Holtman, Teodor"]
[Result "1-0"]
[WhiteElo "2469"]
[BlackElo "2296"]
[PlyCount "91"]
[EventDate "2017.11.13"]
[EventType "swiss"]
[EventRounds "11"]
[EventCountry "ITA"]
[SourceTitle "CBM 181 Extra"]
[Source "ChessBase"]
[SourceDate "2017.12.12"]
[SourceVersion "1"]
[SourceVersionDate "2017.12.12"]
[SourceQuality "1"]

1. e4 c5 2. Nf3 Nc6 3. Bb5 Nf6 4. Nc3 g6 5. e5 Ng4 6. Bxc6 dxc6 7. d3 Bg7 8. Bf4 Nh6 9. Ne4 Bg4 10. h3 Bxf3 11. Qxf3 Nf5 12. c3 Qa5 13. 0-0-0 c4 14. g4 Nh4 15. Qg3 cxd3 16. Qxd3 0-0 17. Bg5 Rfd8 18. Qe2 Ng2 19. Rxd8+ Rxd8 20. f3 h6 21. Bxe7 Nf4 22. Qc4 Nd3+ 23. Kb1 Qb6 24. Qb3 Rd5 25. Qxb6 axb6 26. Nf6+ Bxf6 27. exf6 Nf4 28. h4 Rd3 29. Rf1 Kh7 30. c4 Rd2 31. Bb4 Rd4 32. b3 Ng2 33. Bc3 Rd6 34. h5 Rd3 35. Kc2 Rd8 36. Bd2 gxh5 37. Rh1 hxg4 38. fxg4 Re8 39. Rxh6+ Kg8 40. Rh3 Re4 41. g5 Nh4 42. Rd3 Re2 43. Kc3 b5 44. cxb5 cxb5 45. Kb4 Nf3 46. Bc3 1-0

[Event "Wch U20 56th"]
[Site "Tarvisio"]
[Date "2017.11.14"]
[Round "2"]
[White "Holtman, Teodor"]
[Black "Cappelletto, Joshuaede"]
[Result "1-0"]
[WhiteElo "2296"]
[BlackElo "1920"]
[PlyCount "65"]
[EventDate "2017.11.13"]
[EventType "swiss"]
[EventRounds "11"]
[EventCountry "ITA"]
[SourceTitle "CBM 181 Extra"]
[Source "ChessBase"]
[SourceDate "2017.12.12"]
[SourceVersion "1"]
[SourceVersionDate "2017.12.12"]
[SourceQuality "1"]

1. e4 g6 2. d4 Bg7 3. Nc3 d6 4. Nf3 Nd7 5. Be2 Ngf6 6. 0-0 0-0 7. e5 Ne8 8. e6 fxe6 9. Ng5 Ndf6 10. Bc4 d5 11. Bd3 Nd6 12. Re1 Nfe4 13. Ncxe4 dxe4 14. Bf1 Nf5 15. c3 e5 16. Bc4+ Kh8 17. Nf7+ Rxf7 18. Bxf7 e6 19. d5 exd5 20. Qxd5 Qe7 21. Qb3 Nd6 22. Bd5 Bf5 23. Be3 Rf8 24. Bc5 b6 25. Bxd6 Qxd6 26. Bxe4 Bxe4 27. Rxe4 Qd2 28. Rf1 Rf5 29. Qb5 c5 30. Qe2 Qd5 31. Rd1 Qxa2 32. Rd8+ Bf8 33. g4 1-0

[Event "Banicky Kahanec GM"]
[Site "Vysna Boca"]
[Date "2017.10.16"]
[Round "5"]
[White "Jurcik, Marian"]
[Black "Holtman, Teodor"]
[Result "1-0"]
[WhiteElo "2479"]
[BlackElo "2248"]
[PlyCount "81"]
[EventDate "2017.10.13"]
[EventType "tourn"]
[EventRounds "9"]
[EventCountry "SVK"]
[EventCategory "7"]
[SourceTitle "CBM 181 Extra"]
[Source "ChessBase"]
[SourceDate "2017.12.12"]
[SourceVersion "1"]
[SourceVersionDate "2017.12.12"]
[SourceQuality "1"]

1. e4 c5 2. Nf3 Nc6 3. Bb5 Nf6 4. Bxc6 dxc6 5. d3 Bg4 6. Nbd2 Nd7 7. h3 Bh5 8. Nf1 f6 9. Ng3 Bf7 10. e5 Qc7 11. Qe2 e6 12. b3 Be7 13. Bb2 0-0-0 14. 0-0 Rhg8 15. a4 f5 16. Nxf5 exf5 17. e6 Bh5 18. exd7+ Qxd7 19. Qe3 Bxf3 20. Qxf3 g5 21. Qh5 g4 22. Rae1 gxh3 23. Qxh3 Bd6 24. Be5 Bxe5 25. Rxe5 Rg4 26. Rfe1 Rdg8 27. Re7 Rxg2+ 28. Qxg2 Rxg2+ 29. Kxg2 Qd5+ 30. f3 Qd6 31. Rg7 Kd8 32. a5 h5 33. Rg8+ Kd7 34. Rg7+ Kd8 35. Rxb7 Qf4 36. Ree7 Qd2+ 37. Kg3 Qg5+ 38. Kh3 Qf4 39. Rg7 Qxf3+ 40. Kh4 Qh1+ 41. Kg5 1-0

[Event "Banicky Kahanec GM"]
[Site "Vysna Boca"]
[Date "2017.10.15"]
[Round "3"]
[White "Holtman, Teodor"]
[Black "Molenda, Marcin"]
[Result "1/2-1/2"]
[WhiteElo "2248"]
[BlackElo "2397"]
[PlyCount "75"]
[EventDate "2017.10.13"]
[EventType "tourn"]
[EventRounds "9"]
[EventCountry "SVK"]
[EventCategory "7"]
[SourceTitle "CBM 181 Extra"]
[Source "ChessBase"]
[SourceDate "2017.12.12"]
[SourceVersion "1"]
[SourceVersionDate "2017.12.12"]
[SourceQuality "1"]

1. e4 c5 2. Nf3 Nc6 3. Nc3 g6 4. d4 cxd4 5. Nxd4 Bg7 6. Be3 Nf6 7. Bc4 Qa5 8. 0-0 0-0 9. Bb3 d6 10. h3 Bd7 11. f4 Qh5 12. Qxh5 Nxh5 13. Rad1 Rac8 14. g4 Nf6 15. Nxc6 Bxc6 16. e5 Ne8 17. exd6 Nxd6 18. Bxa7 Nb5 19. Nxb5 Bxb5 20. Rfe1 Bxb2 21. Rxe7 Bc6 22. Bd4 Bxd4+ 23. Rxd4 Rce8 24. Rde4 Rd8 25. Re3 Rd4 26. f5 gxf5 27. gxf5 Kg7 28. R3e5 Kf6 29. Kf2 Rh4 30. Kg3 Rh6 31. Rxf7+ Rxf7 32. Re6+ Kxf5 33. Rxh6 Rg7+ 34. Kf2 Kg5 35. Rd6 Kf4 36. Rd4+ Ke5 37. Rh4 Be4 38. Rh5+ 1/2-1/2

[Event "SVK-chT 1718"]
[Site "Slovakia"]
[Date "2017.09.30"]
[Round "1.5"]
[White "Holtman, Teodor"]
[Black "Likavsky, Tomas"]
[Result "0-1"]
[WhiteElo "2248"]
[BlackElo "2430"]
[PlyCount "126"]
[EventDate "2017.09.30"]
[EventType "team-tourn"]
[EventRounds "11"]
[EventCountry "SVK"]
[SourceTitle "EXT 2018"]
[Source "ChessBase"]
[SourceDate "2017.10.13"]
[SourceVersion "1"]
[SourceVersionDate "2017.10.13"]
[SourceQuality "1"]
[WhiteTeam "Prakovce"]
[BlackTeam "Dunajov Inbest"]
[WhiteTeamCountry "SVK"]
[BlackTeamCountry "SVK"]

1. e4 c5 2. Nf3 d6 3. d4 cxd4 4. Nxd4 Nf6 5. Nc3 Nc6 6. Bg5 e6 7. Qd2 Qb6 8. Nb3 Be7 9. 0-0-0 0-0 10. f3 Rd8 11. Nb5 Rd7 12. Qe1 a6 13. N5d4 Qc7 14. h4 Ne5 15. Kb1 b5 16. g4 Nc4 17. Bxc4 bxc4 18. Na5 Bb7 19. Bd2 Rb8 20. Qe2 c3 21. Bxc3 Bxe4 22. fxe4 Qxc3 23. Nab3 Qc8 24. g5 Ne8 25. Rhf1 Rc7 26. Qf2 f6 27. Rd3 g6 28. h5 e5 29. hxg6 exd4 30. gxh7+ Kh8 31. Nxd4 Rc5 32. Nf5 Rxf5 33. exf5 fxg5 34. Re1 Bf6 35. Rb3 Ng7 36. Rh1 a5 37. Rh6 Be5 38. f6 a4 39. Rxb8 Qxb8 40. b3 Ne6 41. f7 Nf8 42. Qd2 axb3 43. cxb3 Qb7 44. Rxd6 Bxd6 45. Qxd6 Qxf7 46. b4 Kxh7 47. a4 Qg6+ 48. Qxg6+ Kxg6 49. Kc2 g4 50. Kd3 Kf5 51. a5 Kf4 52. a6 Nd7 53. a7 Nb6 54. Kd4 g3 55. Kc5 Na8 56. Kc6 Ke5 57. Kb7 Kd6 58. b5 g2 59. b6 Nxb6 60. Kxb6 g1Q+ 61. Kb7 Qg7+ 62. Kb8 Qc7+ 63. Ka8 Qc8# 0-1

[Event "Riga Tech op 7th"]
[Site "Riga"]
[Date "2017.08.07"]
[Round "1"]
[White "Jumabayev, Rinat"]
[Black "Holtman, Teodor"]
[Result "1-0"]
[WhiteElo "2610"]
[BlackElo "2252"]
[PlyCount "59"]
[EventDate "2017.08.07"]
[EventType "swiss"]
[EventRounds "9"]
[EventCountry "LAT"]
[SourceTitle "CBM 179 Extra"]
[Source "ChessBase"]
[SourceDate "2017.08.23"]
[SourceVersion "1"]
[SourceVersionDate "2017.08.23"]
[SourceQuality "1"]

1. Nf3 f5 2. g3 Nf6 3. Bg2 g6 4. b3 Bg7 5. Bb2 0-0 6. d4 d6 7. 0-0 c6 8. c4 Na6 9. Nc3 Rb8 10. Rc1 Bd7 11. a3 Nc7 12. b4 Kh8 13. Qd3 b5 14. cxb5 Nxb5 15. Nxb5 Rxb5 16. Nd2 Nd5 17. Nc4 Qb8 18. Rc2 f4 19. Qd2 Qe8 20. Na5 g5 21. Rfc1 Rb6 22. e4 Nf6 23. d5 cxd5 24. exd5 Qh5 25. Qe2 Bg4 26. Qxe7 Re8 27. Qxa7 f3 28. Rc7 fxg2 29. Rxg7 Qh6 30. Qf7 1-0

[Event "Pardubice Czech op-A 28th"]
[Site "Pardubice"]
[Date "2017.07.27"]
[Round "7"]
[White "Saiyn, Zhanat"]
[Black "Holtman, Teodor"]
[Result "1/2-1/2"]
[WhiteElo "2390"]
[BlackElo "2306"]
[PlyCount "84"]
[EventDate "2017.07.21"]
[EventType "swiss"]
[EventRounds "9"]
[EventCountry "CZE"]
[SourceTitle "CBM 179 Extra"]
[Source "ChessBase"]
[SourceDate "2017.08.23"]
[SourceVersion "1"]
[SourceVersionDate "2017.08.23"]
[SourceQuality "1"]

1. d4 Nf6 2. Nf3 g6 3. c4 Bg7 4. Nc3 0-0 5. e4 d6 6. Be2 e5 7. 0-0 Nc6 8. d5 Ne7 9. Ne1 Ne8 10. Nd3 f5 11. f4 Kh8 12. fxe5 dxe5 13. Nf2 Nf6 14. Bf3 a5 15. b3 fxe4 16. Nfxe4 Nf5 17. Qd3 Re8 18. Bg5 h6 19. Nxf6 Bxf6 20. Bd2 Kh7 21. Be4 Bg5 22. g4 Bxd2 23. gxf5 Qg5+ 24. Kh1 Bxf5 25. Rg1 Bxe4+ 26. Nxe4 Qf5 27. Raf1 Bf4 28. Nc5 Qxd3 29. Nxd3 Rf8 30. Rg2 Rae8 31. Re2 g5 32. Nc5 b6 33. Ne6 Rf7 34. Rxe5 Kg6 35. Re2 Bd6 36. Rg1 Ree7 37. h4 Rf3 38. hxg5 Rh3+ 39. Kg2 Rg3+ 40. Kh1 Rh3+ 41. Kg2 Rg3+ 42. Kh1 Rh3+ 1/2-1/2

[Event "Pardubice Czech op-A 28th"]
[Site "Pardubice"]
[Date "2017.07.25"]
[Round "5"]
[White "Podvin, Francois Xavier"]
[Black "Holtman, Teodor"]
[Result "0-1"]
[WhiteElo "2180"]
[BlackElo "2306"]
[PlyCount "90"]
[EventDate "2017.07.21"]
[EventType "swiss"]
[EventRounds "9"]
[EventCountry "CZE"]
[SourceTitle "CBM 179 Extra"]
[Source "ChessBase"]
[SourceDate "2017.08.23"]
[SourceVersion "1"]
[SourceVersionDate "2017.08.23"]
[SourceQuality "1"]

1. e4 c5 2. Nf3 Nc6 3. d4 cxd4 4. Nxd4 Nf6 5. Nc3 e5 6. Ndb5 d6 7. Bg5 a6 8. Na3 b5 9. Nd5 Be7 10. Bxf6 Bxf6 11. c3 Bg5 12. Nc2 Rb8 13. a4 bxa4 14. Ncb4 Bd7 15. Bxa6 Nxb4 16. cxb4 0-0 17. 0-0 f5 18. exf5 Rxf5 19. b5 Bxb5 20. Bxb5 Rxb5 21. h4 Bxh4 22. Rxa4 Rxb2 23. Ne3 Rfxf2 24. Qd5+ Kf8 25. Ra8 Rxf1+ 26. Nxf1 Rb8 27. Ra3 Qb6+ 28. Kh2 Bf6 29. Qe4 Qb4 30. Qxh7 Qh4+ 31. Qxh4 Bxh4 32. Ne3 Bf2 33. Nf5 Bc5 34. Rf3 e4 35. Rf4 d5 36. Nd6+ Ke7 37. Nxe4 Rb4 38. Nc3 Ke6 39. Rxb4 Bxb4 40. Nd1 Ke5 41. Kg3 Ke4 42. Nf2+ Ke3 43. Ng4+ Ke2 44. Kf4 Bd6+ 45. Kf5 d4 0-1

[Event "Pardubice Czech op-A 28th"]
[Site "Pardubice"]
[Date "2017.07.24"]
[Round "4"]
[White "Holtman, Teodor"]
[Black "Blodig, Constantin"]
[Result "0-1"]
[WhiteElo "2306"]
[BlackElo "2099"]
[PlyCount "80"]
[EventDate "2017.07.21"]
[EventType "swiss"]
[EventRounds "9"]
[EventCountry "CZE"]
[SourceTitle "CBM 179 Extra"]
[Source "ChessBase"]
[SourceDate "2017.08.23"]
[SourceVersion "1"]
[SourceVersionDate "2017.08.23"]
[SourceQuality "1"]

1. e4 c5 2. Nf3 d6 3. d4 cxd4 4. Nxd4 Nf6 5. Nc3 Nc6 6. Be3 Ng4 7. Bc4 Nxe3 8. fxe3 Ne5 9. Bb5+ Bd7 10. 0-0 g6 11. Nf3 Bg7 12. Qd5 0-0 13. Nxe5 Bxe5 14. Qxb7 Bxb5 15. Nxb5 Rb8 16. Qd5 Qa5 17. c4 a6 18. Nc3 Bxc3 19. bxc3 Qxc3 20. Qd4 Qxd4 21. exd4 Rfc8 22. Rac1 Rb4 23. c5 Rxd4 24. c6 Rxe4 25. Rf3 Rb4 26. Rfc3 Kf8 27. a3 Rb6 28. Kf2 e6 29. c7 Ke7 30. Rc6 Rb2+ 31. Kf1 a5 32. Ra6 Rb5 33. a4 Rd5 34. Ke2 Kd7 35. Ra7 h5 36. Ke3 g5 37. h4 g4 38. Rc2 e5 39. Rf2 Ke6 40. Rb2 Rc5 0-1